Estadísticas para Los 5 Países más Poblados en el 2050 por Continente

Haz click aquí para tomar la prueba!

Estadísticas generales

  • Esta prueba ha sido tomada 2.783 veces
  • La puntuación promedio es 25 de 30

Estadísticas de respuestas

ContinentePaís% Correcto
AsiaChina
98%
América del NorteEstados Unidos
98%
América del NorteMéxico
98%
EuropaFrancia
97%
América del SurBrasil
97%
OceaníaAustralia
97%
América del SurArgentina
96%
AsiaIndia
96%
América del NorteCanadá
96%
EuropaRusia
96%
EuropaAlemania
96%
América del SurColombia
95%
OceaníaNueva Zelanda
94%
América del SurVenezuela
92%
EuropaItalia
92%
EuropaReino Unido
91%
América del SurPerú
91%
ÁfricaEgipto
85%
ÁfricaNigeria
84%
AsiaIndonesia
82%
ÁfricaRD Congo
79%
OceaníaPapua Nueva Guinea
77%
América del NorteGuatemala
76%
AsiaPakistán
73%
OceaníaFiyi
69%
ÁfricaEtiopía
67%
AsiaBangladés
66%
América del NorteHaití
60%
OceaníaIslas Salomón
58%
ÁfricaTanzania
51%

Distribución de puntuación

Porcentaje por número respondido

Porcentaje de gente con cada puntuación

Historial de tus puntuaciones

No has tomado esta prueba